Red sky at morning : America and the crisis of the global environment (Record no. 34319)

MARC details
000 -LEADER
fixed length control field 00637nam a2200181Ia 4500
020 ## - INTERNATIONAL STANDARD BOOK NUMBER
ISBN 9780300107760
050 ## - CALL MARK
Classification number GE 149 .S64/
100 ## - STATEMENT OF RESPONSIBILITY--MAIN AUTHOR NAME
Personal name Speth, James Gustave.
245 #0 - TITLE STATEMENT
Title Red sky at morning : America and the crisis of the global environment
260 ## - PUBLICATION, DISTRIBUTION, ETC. (IMPRINT)
Place of publication United State
260 ## - PUBLICATION, DISTRIBUTION, ETC. (IMPRINT)
Name of publisher Yale university press
260 ## - PUBLICATION, DISTRIBUTION, ETC. (IMPRINT)
Year of publication 2005
300 ## - PHYSICAL DESCRIPTION
Number of Pages 329 p
650 ## - SUBJECT ADDED ENTRY--TOPICAL TERM
Topical Term Global environmental change. Environmental protection. Globalization--Environmental aspects. Environmental policy--United States. Environmental protection--United States.
942 ## - ADDED ENTRY ELEMENTS (KOHA)
Koha item type Books
Holdings
Withdrawn status Lost status Source of classification or shelving scheme Damaged status Not for loan Permanent Location Current Location Date acquired Accession Number Price effective from Koha item type
    Library of Congress Classification     NILE UNIVERSITY OF NIGERIA - MAIN LIBRARY NILE UNIVERSITY OF NIGERIA - MAIN LIBRARY 04/23/2025 0189273 04/23/2025 Books